[Event "CZE-ch U12 Girls"]
[Site "Kouty nad Desnou"]
[Date "2017.03.11"]
[Round "1"]
[White "Stastna, Martina"]
[Black "Zemanova, Nikola"]
[Result "1-0"]
[WhiteElo "1401"]
[BlackElo "1211"]
[PlyCount "47"]
[EventDate "2017.03.11"]
[EventType "swiss"]
[EventRounds "9"]
[EventCountry "CZE"]
[SourceTitle "CBM 177 Extra"]
[Source "ChessBase"]
[SourceDate "2017.04.27"]
[SourceVersion "1"]
[SourceVersionDate "2017.04.27"]
[SourceQuality "1"]

1. e4 e5 2. Nf3 Nc6 3. c3 Nf6 4. d4 exd4 5. e5 Ng4 6. cxd4 d5 7. Nc3 Be6 8. Bb5 f6 9. h3 Nh6 10. Qa4 Qd7 11. Bxh6 gxh6 12. exf6 a6 13. Ne5 Qd6 14. Nxc6 Bd7 15. f7+ Kxf7 16. Ne5+ Ke7 17. Bxd7 Bg7 18. Bg4 Bxe5 19. dxe5 Qxe5+ 20. Kf1 Qd6 21. Re1+ Kd8 22. Re6 Qf8 23. Rxa6 Ke7 24. Qd7# 1-0